States of India : No Consonants (Vowels Only) - Statistics

General Stats
  • This quiz has been taken 18 times
    15 since last reset
  • The average score is 23 of 36
Answers on the Map
Answers color-coded by a green-red scale on the quiz's map according to % correct below.
 
Answer Stats
States % Correct
Aa
90%
aa
90%
aa
90%
aaa
80%
aaa
80%
aaa
80%
aaaa
80%
aaaa
80%
eaa
80%
ei
80%
oa
80%
ua
80%
uaa
80%
Aa ae
70%
aa ae
70%
ia
70%
ii
70%
Oia
70%
Ua ae
70%
aia
60%
aia
60%
ai au
60%
eaaa
60%
eaaa
60%
e ea
60%
ioa
60%
aiu
50%
iaa ae
50%
Uaaa
50%
Auaa ae
40%
Aaa aioa Ia
30%
aaee
30%
au a ai
30%
iua
30%
uue
30%
aa a aa aei a aa a iu
20%
No matching quizzes found
Score Distribution
Percent of People with Each Score
Percentile by Number Answered
Your Score History
You have not taken this quiz since the last reset